| 000 | 00631nam a22001937a 4500 | ||
|---|---|---|---|
| 999 |
_c16838 _d16838 |
||
| 003 | AR-CdUCM | ||
| 008 | 190306b ||||| |||| 00| 0 spa d | ||
| 040 |
_aMUNICIPALIDAD PROVINCIAL DEL CUSCO _cBIBLIOTECA MUNICIPAL DEL CUSCO |
||
| 082 |
_a848.8 / _bV49 |
||
| 100 |
_aVerne, Julio _910153 |
||
| 245 | _aSacrificio heroico / | ||
| 260 |
_aBarcelona : _bGráfica diamante, |
||
| 300 |
_a248 páginas ; _c20 cm. |
||
| 440 |
_aColección horizontes juveniles _936535 |
||
| 505 | _aContenido: La florida -- La guerra de secesión -- Los Burbank ... | ||
| 650 |
_aLiteratura _983 |
||
| 942 |
_2ddc _cLIBROS |
||
| 945 |
_arah _d06/05/2019 |
||